000 00826cam a2200217 4500
001 WB3711-34
008 000000n2001 000 0 eng u
035 _a(Sirsi) u111419
245 _aShare farming
260 _c2001
490 _aNFU Business
_vMarch 2001, 2(1)
520 _aThe DETR review of rating legislation for farm buildings is welcomed by the NFU as a positive step towards further farm diversification and efficient use of resources . The consultation could lead to new farming activities such as machinery rings and share farming qualifying for exemption from business rates.
590 _aWB
650 _aBUSINESS RATES EXEMPTION
650 _aSHARE FARMING
650 _aNFU
650 _aFARM BUILDINGS
650 _aFARM DIVERSIFICATION
690 _aRATING AND LOCAL TAXATION
942 _n0
999 _c66386
_d66386